[Event "Dubai op-B 23rd"]
[Site "Dubai"]
[Date "2023.05.31"]
[Round "5"]
[White "Tamojit, Chakraborty"]
[Black "Madduri, Satya Tejeswar"]
[Result "1-0"]
[WhiteElo "1806"]
[BlackElo "1633"]
[PlyCount "79"]
[EventDate "2023.05.27"]
[EventType "swiss"]
[EventRounds "9"]
[EventCountry "UAE"]
[SourceTitle "CBM 214 Extra"]
[Source "ChessBase"]
[SourceDate "2023.07.31"]
[SourceVersion "1"]
[SourceVersionDate "2023.07.31"]
[SourceQuality "1"]

1. e4 c6 2. d4 d5 3. e5 c5 4. dxc5 e6 5. Nf3 Bxc5 6. Bd3 Ne7 7. 0-0 Ng6 8. a3 0-0 9. b4 Bb6 10. Re1 a5 11. b5 Nd7 12. Bb2 Nc5 13. Bf1 Bd7 14. Nbd2 Na4 15. Bd4 Bxd4 16. Nxd4 Qb6 17. N2f3 Nc3 18. Qd2 Rfc8 19. Bd3 Na4 20. h4 Nb2 21. h5 Nxd3 22. cxd3 Nh4 23. h6 Qd8 24. hxg7 Kxg7 25. a4 Nxf3+ 26. Nxf3 f5 27. exf6+ Qxf6 28. d4 Be8 29. Ne5 b6 30. Ra3 Bg6 31. Rf3 Qe7 32. Rh3 Kg8 33. Nxg6 hxg6 34. Qh6 Qg7 35. Qg5 Re8 36. Rf3 Rac8 37. Rf6 Kh7 38. Re3 Rc1+ 39. Kh2 Qc7+ 40. Rg3 1-0